000 00507nam a22001817a 4500
999 _c131394
_d131394
005 20230821101137.0
008 230821b ||||| |||| 00| 0 eng d
020 _a9694424623
040 _cPK-LaUMT
082 _a891.4393
_bRAZ-R
100 _aRazia Butt =رضیہ بٹ
245 _aRafaqatein kesi = رفاقتیں کیسی/
_cby Razia Butt =رضیہ بٹ
260 _aLahore :
_bMaqbool Academy,
_c1992
300 _a247 p.
650 _aUrdu literature
650 _aUrdu fiction
942 _cBK